Sociology of economic life (Record no. 29206)

MARC details
000 -LEADER
fixed length control field 00274nam a2200109Ia 4500
082 ## - DEWEY DECIMAL CLASSIFICATION NUMBER
Classification number 012.564583
Item number SME
100 ## - MAIN ENTRY--AUTHOR NAME
Personal name Smelser, N J
245 #0 - TITLE STATEMENT
Title Sociology of economic life
260 ## - PUBLICATION, DISTRIBUTION, ETC. (IMPRINT)
Place of publication Delhi
Name of publisher Prentice Hall
Year of publication 1963
942 ## - ADDED ENTRY ELEMENTS (KOHA)
Koha item type Books
Holdings
Withdrawn status Lost status Damaged status Not for loan Home library Current library Date acquired Cost, normal purchase price Full call number Accession Number Koha item type
        RRII Library RRII Library 16/12/2021 3.95 012.564583 SME 09796 Books